00374nam a2200145Ia 4500008004100000020001500041041001200056082001600068100001600084245006600100260002500166300000800191650001600199700001300215221030s9999 xx 000 0 und d a8120310462 aEnglish a105.23bRum aJ. Rumbaugh 0aObject - Oriented Modeling & Designcby J. Rumbaugh, M. Blaha bPHIaNew Delhic2000 a500 aBE Computer aM. Blaha